| 000 | 01011nam0a22002891 4500 | ||
|---|---|---|---|
| 001 | RU\NLR\A1SV\9437 | ||
| 005 | 20251203171251.9 | ||
| 035 | _a(NLR Aleph) 009694931 | ||
| 090 |
_a9754073 _c9754073 |
||
| 100 | _a19981217d1921 u y0rusy50 ca | ||
| 101 | 0 | _arus | |
| 102 | _aRU | ||
| 200 | 1 |
_aПочему я стала коммунисткой? _fА.Берюшина |
|
| 210 |
_aТула _cТул. губком РКП _d1921 |
||
| 215 |
_a10 с. _d21 см |
||
| 451 | 0 |
_1001RU\NLR\A1SV\9440 _12001#$aПочему я стала коммунисткой?$fА.Берюшина _1700#1$aБерюшина$bА. _99754088 _aБерюшина, А. _cМ. _d1919 _fА.Берюшина _nГос. изд. _p16 с. _tПочему я стала коммунисткой? |
|
| 620 | _dТула | ||
| 700 | 1 |
_aБерюшина _bА. |
|
| 801 | 0 |
_aRU _bNLR _c19981217 |
|
| 852 |
_aNLR _j37.63.5.356 |
||
| 899 | _aРГБ | ||
| 899 | _aРКП | ||
| 899 | _aНБЛ КГУ | ||
| 942 | _cBOOK | ||
| 980 | _aNB | ||
| 980 | _aA1SV | ||